11894nam a2200325 i 4500001001000000003000900010005001700019007000300036008004100039040003000080041000800110082002300118100004900141245005000190264004500240300006300285336002700348337003300375338002900408504003700437505198100474505334502455505078305800505473406583590002811317650007111345942001411416952012111430999001711551000015964DO-SdBNP20260114121206.0ta100222e1979 dr ab r 001 0 spa d aDO-SdBNPbspacBNPHUerda aspa 4a372.832bV768m2221 aVincent Cepeda, Rosa A.,eautor4aut.93586810aManual de cívica /cRosa A. Vincent Cepeda. 1aSanto Domingo :bAmigo del Hogar,c1979. a175 páginas :ailustraciones ; mapas, retratos ;c22 cm. atextobtxt2rdacontent asin mediaciónbn2rdamedia avolumenbnc2rda carrier aBibliografías : página (165)0 aCapítulo 1 --tConcepto de la sociedad.- órgano de que se compone la sociedad.- funciones de cada uno de los órganos sociales.- el 2do. órgano es la familia.- la región es el 4to. órgano del organismo social.- el 5to. órgano es la nación.- sociedad internacional o familia de naciones.- la educación cívica como reguladora de estas funciones.- el derecho y el deber como base del bienestar social.-gCapítulo 2 :tEl individuo como órgano social.- ideas generales de nacionalidad.- el ciudadano.- el civismo. su definición y sus finalidades.- Sus finalidades.- las diferentes formas de adquirir la mayoridad política y la mayoridad civil.-gCapítulo 3 --tLos deberes del ciudadano.- obediencia a las leyes.- el deber del voto.- el pago del impuesto.- el deber de instruirse.- derecho que engendra la condición de ciudadano.- derecho al sufragio.- inviolabilidad de la correspondencia.- derechos de ejercer cualquier profesión.-gCapítulo 4 --tDerecho del voto. su universalidad.- el voto obligatorio.- libertad de reuniones.- libertad de cultos.- libertad de enseñanza.- libertad de expresión.- derechos inherentes a la personalidad humana, consagrados en nuestra constitución.- la inviolabilidad de la vida.- la seguridad individual.- la libertad de trabajo.- libertad de empresa.- libertad de tránsito.- derechos sociales.-gCapítulo 5 --tLa revolución francesa. causas.- origen de la consagración de los derechos humanos.- el origen histórico de la primera constitución francesa.- formación de las Repúblicas Americanas.- causas precursoras de la independencia latinoamericana.- Repúblicas americanas.-gCapítulo 6 --tLa familia como órgano social.- la institución del matrimonio.- matrimonio.- condiciones para contraer matrimonio.- prohibiciones.- celebración.- efectos.- disolución.- el divorcio.- patria potestad.- la supervigilancia.- la emancipación.- la patria potestad cesa.- la tutela.0 aCapítulo 7 --tlos municipios.- sus diferentes nombres.- su formación y composición.- su funcionamiento.- personalidad de la común.- régimen municipal en la República Dominicana.- nombramientos y funciones principales.- conceptos de la independencia o autonomía de los ayuntamientos.- distinción entre el dominio público y dominio comunal.- catastro.- ventajas de la autonomía municipal.- alcalde pedáneos.- liga municipal.- ayuntamiento del municipio de Santiago.- estado demostrativo y la operaciones.....36-37-38-39-40-41.-gCapítulo 8 :--tLa provincia.- bosquejo histórico.- mapa de la República Dominicana.- el régimen provincial. su organización y su gobierno.- leyes que rigen la provincia.- el consejo del distrito. origen y su razón.- distrito Nacional.- organización del distrito de Santo Domingo.- sus atribuciones.-gCapítulo 9 --tLa nación. conceptos generales. diferencia entre país, nación.- el Estado.- atribuciones del Estado.- el patriotismo como principal deber ciudadano.- el amor patrio.- el amor provincial.- el amor comunal.- el cosmopolitismo como base de la sociedad Universal.- cosmopolita.-gCapítulo 10 --tLa moral y la religión como fuentes reguladoras de la colectividad.- ventajas que engendra la humanidad a la rectitud de la moral y la generalidad y pureza de la religión.-gCapítulo 11 --tIdeas acerca de los gobiernos.- el gobierno nacional.- diferentes sistemas de gobierno.- análisis crítico de las diferentes formas de gobierno y sus orígenes.- monarquías constitucionales.- las república unitarias.- las repúblicas confederadas.- los regímenes autocráticos.-gCapítulo 12 --tLa monarquía absoluta.- la democracia.- la democracia parlamentaria y la democracia presidencial.- la democracia de tipo monárquico y la democracia de tipo republicano.- democracia formal y la democracia auténtica.- la democracia auténtica.- inconvenientes.- la dictadura.- la oligarquía.- formas de oligarquías.- la teocracia.- gobierno por decreto.-gCapítulo 13 --tEl poder. cómo se ejerce y en quién reside.- el poder legal en oposición con la fuerza bruta.- ilegalidad del poder usurpado.-gCapítulo 14 --tEl poder ejecutivo.- su ejercicio y constitución.- elección del presidente de la República.- nombramientos y atribuciones.- deberes y derechos consagrados en la constitución.- el ejecutivo como jefe de la administración pública.- los auxiliares del poder ejecutivo.- secretarios de estado o ministros.- condiciones requeridas para ser secretario de estado.- su responsabilidad administrativa.-gCapítulo 15 --tDecretos.- reglamentos y ordenanzas.- decretos leyes.- sus diferencias con las leyes.- su alcance y y aplicación.- las órdenes departamentales y las circulares.- circulares.-gCapítulo 16 --tEl poder legislativo.- su nombramiento y composición.gCapítulo 17 --tAtribuciones comunes a ambas cámaras.- la asamblea nacional.- el congreso nacional.- atribuciones de las cámaras reunidas en asamblea nacional.- representación funcional.- representación de las minorías.- inmunidad legislativa.-gCapítulo 18 --tel senado.- su elección y componentes.- requisitos necesario para ser senador.- atribuciones propias de esta investidura.- funciones exclusivas del senado.0 aCapítulo 19 --tLa cámara de diputados.- su elección y componentes.- requisitos necesarios para ser diputado.- atribuciones propias de esta investidura.- independencia e inmunidad de las funciones legislativas.-gCapítulo 20 --tDe las leyes.- concepto general de la legislación.- concepto general de la legislación.- el poder legislativo.- los diferentes códigos y las materias que tratan.-- código de comercio.- código penal.- el código de procedimiento criminal.- códigos extranjeros.- leyes orgánicas.- leyes especiales.- leyes generales.- la promulgación y publicación de la leyes.- publicaciones.- el poder constituyente.- ley temporal.- adopción del código civil en la República Dominicana. modificaciones del código.- cuestionario.-0 aCapítulo 21 --tEl poder judicial.- su formación.- quiénes lo integran.- la suprema corte de justicia.- condiciones requeridas para ser miembros del poder judicial.- atribuciones de la suprema corte de justicia.- corte de apelación.- procurador general.- tribunal de tierras.- organización.- oficinas de registro de títulos.- juzgados de primera instancia.- jurado de oposición.- tribunales tutelares de menores.- ministerios públicos.- la jurisprudencia.- atribuciones.- juzgado de paz (alcaldías) --tcomposición.- atribuciones.- cámara de cuentas.- sus atribuciones.- la justicia como función social.- su importancia para el desarrollo armónico de la nación --gCapítulo 22 --tCuestionario.- sistema penitenciario.- papel consecuencial de la pena.- nociones de las sanciones penales, civiles y políticas.- la moral como freno a la delincuencia.- delincuencia juvenil.- modos sociales de prevenir la delincuencia.- tema para desarrollar--gCapítulo 23 --tLa constitución del Estado.- sus definiciones y fines.- otra definición de constitución.- leyes ordinarias o comunes,- la primera constitución dominicana.- la constituyente.- su integración y fines.- reformas constitucionales.- cuestionario--gCapítulo 24 --tEl poder electoral.- el sufragio universal.- no pueden ejercer el sufragio.- el poder de la prensa como órgano complementario del gobierno. su importancia en las constituciones democráticas.- funciones electivas.- tema para desarrollo--gCapítulo 25 --tLas menorías en los regímenes democráticos.- La representación de las minorías.- El voto limitado.- la presentación proporcional.- el número único.- los dictadores.- las tiranías males sociales de estos sistemas de gobierno.- breve historia de dictaduras y tiranías americanas.- explica--gCapítulo 26 --tLos partidos políticos.- causa de los partidos.- a qué se llama partidos de principios o ideológicos.- partidos personalistas.- partidos derechistas.- partidos izquierdista.- partidos de oposición.- desarrolla --gCapítulo 27 --tLa administración pública. el funcionamiento y el empleo del presidente como jefe de la administración pública.- el funcionamiento y el empleo público.- servicios generales.- servicios facultativos.- disposiciones general.- los impuestos.- oficinas auxiliares,.- principales servicios públicos administrativos.- dirección central.- tesoro nacional.- el contralor y auditor general.- oficinas centrales.- el director del presupuesto.- servicios facultativos.- la enseñanza.- idea de los fines y organización de la educación pública.- el consejo nacional de educación.- enseñanza universitaria.- educación.- salud previsión social--tAgricultura.- industria y trabajo.- trabajo.- división de asuntos laborales e internacionales.- división de la dirección general de trabajo.- ley de registro.- comercio,- finanzas o hacienda pública.- relaciones exteriores.-ventajas de una ley reguladora de los servicios públicos.- ley de gastos públicos.- procedimiento.- dominio del Estado --gCapítulo 28 --tLas fuerzas armadas.- policía administrativa.- policía especial.- ejército nacional.- policía rural.- nóminas que forman un ejército.- secretaría de Estado de la Presidencia.- secretaría de las fuerzas armadas.- procuraduría general de la república.- cédula de identificación personal.- dirección general de la cédula de identificación personal --tCapítulo 29 --gServicio diplomático.- servicio consular.- tratado.- obligaciones de la República Dominicana.- principales órganos internacionales de confraternidad--gCapítulo 30 --tEl trabajo.- el trabajo como necesidad nacional.- los gremios y entidades laborales.- entidades laborales.- sindicato obrero.- sindicato patronal.- origen de la lucha entre el capital y el trabajo --gCapítulo 31 --tRelaciones entre patrones y obreros.- riqueza.- monopolios.- los monopolios legales.- los monopolios de hechos.- los latifundios.-modo de corregirlos.- los minifundios.- derechos de huelga o paros y sus consecuencias. cuando están fuera de la ley.- las clases trabajadoras y los patronos.- artesanía --gCapítulo 32 --tLa costumbre.- la corrupción de la costumbre.- el fanatismo.- la superchería.-gCapítulo 33 --tLas naciones unidas.- fines principales.- la Unesco.- los derechos del hombre.- declaración universal de los derechos humanos --gCapítulo 34 --tLa unión panamericana.- el panamericanismo.- organización de los Estados americanos (OEA).- su formación y fines.- la unión panamericana.- el himno nacional.- el himno nacional dominicano.- el escudo.- la bandera. aInventariado, 2024 / MF 0aEducación cívicavLibro de textoyRepública Dominicana91206 2ddccLBS1 00102ddc51708PDaBNPHUbBNPHUcCTd2010-02-22l0oBNPHU PD 372.832 V768mp15964-10r2020-06-25w2020-06-25yLBS1 c15506d15506